Try scorers of the Scotland rugby union team. (2020 - …) - Statistics

General Stats
  • This quiz has been taken 71 times
    31 since last reset
  • The average score is 23 of 51
Answer Stats
Tries Players Position % Correct
3 Finn Russell Fly-half
100%
30 Duhan Van der Merwe Wing
96%
24 Darcy Graham Wing
92%
3 Matt Fagerson Number 8
81%
3 Zander Fagerson Prop
81%
2 Ali Price Scrum-half
77%
4 Ben White Scrum-half
77%
9 Huw Jones Centre
77%
3 Adam Hastings Fly-half
69%
7 Blair Kinghorn FullBack
69%
2 George Horne Scrum-half
69%
5 Pierre Schoeman Prop
69%
13 Kyle Steyn Wing
65%
5 Hamish Watson Flanker
58%
8 Stuart Hogg Fullback
58%
4 Dave Cherry Hooker
54%
8 Ewan Ashman Hooker
54%
5 George Turner Hooker
54%
2 Ollie Smith Fullback
54%
5 Rory Darge Flanker
54%
1 Scott Cummings Lock
54%
3 Sione Tuipulotu Centre
54%
1 Jack Dempsey Number 8
50%
1 John Matthews Hooker
46%
4 Aaron Reed Wing
42%
2 Fraser Brown Hooker
42%
2 Stafford McDowall Centre
42%
4 Stuart McInally Hooker
42%
1 Cameron Redpath Centre
38%
3 Kyle Rowe Wing
38%
3 Sam Johnson Centre
38%
4 Chris Harris Centre
35%
1 Luke Crosbie Flanker
35%
1 Rory Hutchinson Centre
35%
1 Harry Paterson Fullback
31%
1 Jamie Bhatti Prop
31%
4 Jamie Dobie Scrum-half
31%
2 Gus Warr Scrum-half
27%
5 Josh Bayliss Number 8
27%
1 Matt Currie Centre
23%
1 Will Hurd Prop
23%
1 Ben Healy Fly-half
19%
3 Dylan Richardson Flanker
19%
2 Mark Bennett Centre
19%
1 Sam Skinner Flanker
19%
2 Sean Maitland Wing
19%
1 Patrick Harrison Hooker
15%
2 Rufus McLean Wing
12%
1 Nick Haining Number 8
8%
1 Oliver Kebble Prop
4%
1 Scott Steele Scrum-half
4%
No matching quizzes found
Score Distribution
Percent of People with Each Score
Percentile by Number Answered
Your Score History
You have not taken this quiz since the last reset